[Event "Bayern-ch (Women) 80th"]
[Site "Immenstadt"]
[Date "2009.08.29"]
[Round "8"]
[White "Stegmaier, Erika"]
[Black "Rascher, Helena"]
[Result "0-1"]
[WhiteElo "1469"]
[BlackElo "1266"]
[PlyCount "136"]
[EventDate "2009.08.22"]
[EventType "swiss"]
[EventRounds "9"]
[EventCountry "GER"]
[SourceTitle "EXT 2015"]
[Source "ChessBase"]
[SourceDate "2014.11.20"]
[SourceVersion "1"]
[SourceVersionDate "2014.11.20"]
[SourceQuality "1"]

1. c4 Nf6 2. Nc3 e6 3. g3 Be7 4. Bg2 0-0 5. e3 d5 6. cxd5 exd5 7. d4 c6 8. Nf3 Bg4 9. Qc2 Nbd7 10. 0-0 h6 11. Bd2 a5 12. a4 Bb4 13. Na2 Bxd2 14. Nxd2 Re8 15. Nc3 Bh5 16. Rfe1 Qb6 17. Ne2 Bg6 18. Qc3 Rac8 19. Nf4 Ne4 20. Nxe4 Bxe4 21. Bxe4 dxe4 22. Red1 Nf6 23. Qd2 Rcd8 24. Rac1 g5 25. Ng2 Nd5 26. Rc5 Nb4 27. Ne1 Rd5 28. Rdc1 Qa6 29. Qd1 b6 30. Rxd5 cxd5 31. Qh5 Kg7 32. Rc7 Rf8 33. h4 b5 34. hxg5 bxa4 35. gxh6+ Qxh6 36. Qe5+ Qf6 37. Qxf6+ Kxf6 38. Rc5 Ra8 39. Rc1 Ke6 40. Ra1 Rc8 41. Kf1 Kd6 42. Rxa4 Ra8 43. Ra3 Kc6 44. Rc3+ Kb5 45. Ke2 Ra7 46. Ng2 a4 47. Nf4 Rd7 48. Kd2 Kb6 49. Rc5 Ka6 50. Ke2 Kb6 51. f3 f5 52. Rc8 Kb7 53. Rc5 Kb6 54. fxe4 dxe4 55. Rxf5 Rg7 56. Kf2 Nd3+ 57. Nxd3 exd3 58. Rf3 Rh7 59. Ke1 Rh2 60. Rf2 Rh3 61. Rg2 Kb5 62. Kd2 Kc4 63. g4 Rh1 64. g5 Rb1 65. Rg4 Rxb2+ 66. Kd1 a3 67. g6 Kc3 68. Ke1 a2 0-1

[Event "Bayern-ch (Women) 80th"]
[Site "Immenstadt"]
[Date "2009.08.25"]
[Round "4"]
[White "Nieberle, Cornelia"]
[Black "Rascher, Helena"]
[Result "1-0"]
[WhiteElo "1730"]
[BlackElo "1266"]
[PlyCount "153"]
[EventDate "2009.08.22"]
[EventType "swiss"]
[EventRounds "9"]
[EventCountry "GER"]
[SourceTitle "EXT 2015"]
[Source "ChessBase"]
[SourceDate "2014.11.20"]
[SourceVersion "1"]
[SourceVersionDate "2014.11.20"]
[SourceQuality "1"]

1. d4 Nf6 2. Nf3 e6 3. Nbd2 Nc6 4. e3 a6 5. Bd3 h6 6. b3 Nd5 7. Bb2 Bb4 8. c4 Bxd2+ 9. Qxd2 Nf6 10. 0-0 d5 11. Qe2 Nb4 12. Ne5 Nxd3 13. Qxd3 0-0 14. Rac1 c6 15. Qe2 Nd7 16. f4 f5 17. Ba3 Rf6 18. Qh5 Nxe5 19. fxe5 Rf7 20. Bd6 Bd7 21. Kh1 Qg5 22. Qxg5 hxg5 23. g4 g6 24. Kg2 Rh7 25. cxd5 exd5 26. Kg3 Be6 27. Rc2 Rd8 28. Rcf2 Rdd7 29. Kg2 Rdf7 30. Kg3 Rh4 31. gxf5 gxf5 32. a3 Rg4+ 33. Kf3 Rh4 34. Rg2 Rh3+ 35. Kf2 g4 36. Rh1 f4 37. exf4 Rxf4+ 38. Ke2 Rxb3 39. Rg3 Rb2+ 40. Ke3 Re4+ 41. Kd3 Rf2 42. h3 Ra2 43. hxg4 Rb2 44. Kc3 Ree2 45. Rc1 b6 46. g5 c5 47. dxc5 bxc5 48. Bxc5 d4+ 49. Kxd4 Rbd2+ 50. Kc3 Rb2 51. Kd4 Rbd2+ 52. Rd3 Rxd3+ 53. Kxd3 Rg2 54. Rg1 Rh2 55. Bd6 Kg7 56. Kd4 Kg6 57. Kc5 Rb2 58. Kc6 a5 59. Bc7 a4 60. Kd6 Rc2 61. Kxe6 Rxc7 62. Rg4 Rc3 63. Rxa4 Kxg5 64. Ra8 Kf4 65. a4 Rc5 66. a5 Rxe5+ 67. Kd6 Re2 68. Rf8+ Kg5 69. Kc6 Re6+ 70. Kb7 Re7+ 71. Kb8 Kg6 72. a6 Kg7 73. Rc8 Re5 74. Rc7+ Kf8 75. a7 Rh5 76. Rb7 Re5 77. a8Q 1-0

[Event "Bayern-ch (Women) 80th"]
[Site "Immenstadt"]
[Date "2009.08.22"]
[Round "1"]
[White "Rascher, Helena"]
[Black "Nieberle, Julia"]
[Result "0-1"]
[WhiteElo "1266"]
[BlackElo "1596"]
[PlyCount "134"]
[EventDate "2009.08.22"]
[EventType "swiss"]
[EventRounds "9"]
[EventCountry "GER"]
[SourceTitle "EXT 2015"]
[Source "ChessBase"]
[SourceDate "2014.11.20"]
[SourceVersion "1"]
[SourceVersionDate "2014.11.20"]
[SourceQuality "1"]

1. e4 e5 2. Bc4 Nf6 3. d4 exd4 4. Nf3 Bb4+ 5. Bd2 Qe7 6. 0-0 0-0 7. Bg5 d6 8. Qxd4 Nc6 9. Bxf6 Qxf6 10. Qxf6 gxf6 11. c3 Bc5 12. Nfd2 Be6 13. b4 Bb6 14. a3 Ne5 15. Be2 Kh8 16. Nf3 Rg8 17. Nh4 Rg7 18. Nf5 Bxf5 19. exf5 Rg5 20. Nd2 Rxf5 21. Nf3 Nxf3+ 22. Bxf3 Rb8 23. Rfe1 Re5 24. Rad1 Kg8 25. Kf1 Kf8 26. Bg4 Rd8 27. f4 Re3 28. Rxe3 Bxe3 29. g3 d5 30. Bf5 h6 31. Kg2 d4 32. c4 b6 33. Kf3 c5 34. b5 a6 35. bxa6 Ra8 36. a4 Ke7 37. Be4 Rxa6 38. Bc6 f5 39. h3 Kd6 40. Bb5 Ra8 41. g4 fxg4+ 42. hxg4 Rf8 43. Rh1 Rh8 44. Rh5 Ke7 45. g5 Rh7 46. Bc6 f5 47. Bd5 Bd2 48. g6 Rg7 49. Rxh6 Kf6 50. Rh7 Kxg6 51. Rxg7+ Kxg7 52. Kg3 Kf6 53. Kf3 Bc1 54. Kg3 Ke7 55. Bf3 Kd7 56. Bd5 d3 57. Bf3 Kc7 58. Bg2 d2 59. Bf3 Kb8 60. Bd1 Ka7 61. Kh4 Ka6 62. Kg5 Ka5 63. Kxf5 Kb4 64. Ke4 Kxc4 65. Ke3 Kd5 66. Bf3+ Kc4 67. f5 d1Q+ 0-1